<?xml version="1.0" encoding="UTF-8"?>
<collection xmlns="http://www.loc.gov/MARC21/slim">
 <record>
  <leader>01318nam a2200193Ia 4500</leader>
  <controlfield tag="001">CTU_108196</controlfield>
  <controlfield tag="008">210402s9999    xx            000 0 und d</controlfield>
  <datafield tag="082" ind1=" " ind2=" ">
   <subfield code="a">704.948</subfield>
  </datafield>
  <datafield tag="082" ind1=" " ind2=" ">
   <subfield code="b">G11</subfield>
  </datafield>
  <datafield tag="100" ind1=" " ind2=" ">
   <subfield code="a">Kageyama, Haruki</subfield>
  </datafield>
  <datafield tag="245" ind1=" " ind2="4">
   <subfield code="a">The arts of Shinto</subfield>
  </datafield>
  <datafield tag="245" ind1=" " ind2="0">
   <subfield code="c">Haruki Kageyama; Translated and adapted with an introd. by Christine Guth</subfield>
  </datafield>
  <datafield tag="260" ind1=" " ind2=" ">
   <subfield code="a">New York</subfield>
  </datafield>
  <datafield tag="260" ind1=" " ind2=" ">
   <subfield code="b">Weartherhill</subfield>
  </datafield>
  <datafield tag="260" ind1=" " ind2=" ">
   <subfield code="c">1973</subfield>
  </datafield>
  <datafield tag="520" ind1=" " ind2=" ">
   <subfield code="a">Shinto, the 'Way of the Gods', is the religion of Japan preceding the arrival of Buddhism from Korea during the 6th century AD. Central to Shinto beliefs are the ''kami,'' animistic gods perceived in all aspects of nature. This book, documenting a unique major exhibition from Japan, begins with a wide-ranging intro. to Shinto which traces its role in Japanese culture. Each of its 5 sections opens with an authoritative essay from an international scholar. Includes: masks, ceramics, mirrors, bells, sculpture, paintings, lacquer, ceremonial clothing, swords &amp; armor. Some are National Treasures, rarely removed from their shrines, &amp; many have never before been seen outside Japan. They offer a fascinating insight into the sacred art of ancient Japan. 100s of color illustrations</subfield>
  </datafield>
  <datafield tag="650" ind1=" " ind2=" ">
   <subfield code="a">Shinto art</subfield>
  </datafield>
  <datafield tag="904" ind1=" " ind2=" ">
   <subfield code="i">Hạ Nguyên</subfield>
  </datafield>
  <datafield tag="980" ind1=" " ind2=" ">
   <subfield code="a">Trung tâm Học liệu Trường Đại học Cần Thơ</subfield>
  </datafield>
 </record>
</collection>
